Religion Quiz

Random Religion or Verse Quiz

Baa, Baa, You're a Sheep Quiz Stats

 Plays Quiz not verified by Sporcle

Support Sporcle.
Go Orange.
Score 0/113 Timer 09:00
0 Plays Today
% Correct
I
95.8%
I
95.8%
I
95.8%
I
95.8%
I
95.8%
I
95.8%
I
95.8%
I
95.8%
the
94.2%
the
94.2%
the
94.2%
the
94.2%
the
94.2%
the
94.2%
the
94.2%
the
94.2%
the
94.2%
the
94.2%
the
94.2%
The
94.2%
is
86.4%
is
86.4%
is
86.4%
sheep
85.9%
sheep
85.9%
sheep
85.9%
sheep
85.9%
Lord
83.8%
Lord
83.8%
Lord
83.8%
shepherd
81.7%
shepherd
81.7%
shepherd
81.7%
and
81.2%
my
81.2%
and
81.2%
my
81.2%
and
81.2%
% Correct
my
81.2%
and
81.2%
and
81.2%
and
81.2%
my
81.2%
am
80.1%
he
77.5%
He
77.5%
he
77.5%
me
75.9%
me
75.9%
me
75.9%
in
73.3%
good
71.7%
we
67.5%
we
67.5%
of
67.5%
are
67%
are
67%
will
66.5%
will
66.5%
will
66.5%
will
66.5%
will
66.5%
pasture
65.4%
God
63.9%
leads
62.8%
his
61.8%
his
61.8%
his
61.8%
green
61.8%
down
61.3%
for
61.3%
down
61.3%
Know
60.7%
know
60.7%
know
60.7%
that
59.7%
% Correct
lie
58.6%
lie
58.6%
pastures
58.1%
It
57.6%
waters
56.5%
beside
56%
makes
55.5%
flock
52.9%
who
51.8%
nothing
49.7%
us
48.7%
lack
47.1%
people
44.5%
with
42.4%
have
41.9%
them
41.4%
lost
38.7%
made
38.2%
quiet
38.2%
tend
37.7%
up
34%
but
31.4%
search
30.9%
bind
28.3%
weak
28.3%
bring
26.7%
back
26.2%
myself
25.7%
declares
25.1%
injured
25.1%
strong
25.1%
Sovereign
24.6%
strengthen
24.6%
justice.
24.6%
destroy
23.6%
strays
22.5%
sleek
19.9%

You're not logged in!

Compare scores with friends on all Sporcle quizzes.
OR
Log In

From the Vault

10 to 1: Classic Rock Songs VIII

by metakoopa99

Rock music is boulder than other genres.
Remove Ads.
Support Sporcle.
Get the best of Sporcle when you Go Orange. This ad-free experience offers more features, more stats, and more fun while also helping to support Sporcle. Thank you for becoming a member.

Show Comments

Extras

Top Quizzes Today


Score Distribution

Your Account Isn't Verified!

In order to create a playlist on Sporcle, you need to verify the email address you used during registration. Go to your Sporcle Settings to finish the process.

Report this User

Report this user for behavior that violates our Community Guidelines.

Details: